| 000 | 00447nam a2200145 a 4500 | ||
|---|---|---|---|
| 001 | 000031926 | ||
| 005 | 20220823125740.0 | ||
| 008 | 110405s1977 dr acd 000 0 spa d | ||
| 040 |
_aDO-SdBNP _bspa _cBNPHU |
||
| 110 | 2 |
_aBanco de Reservas de la República Dominicana _96285 |
|
| 245 | 1 | 0 | _aInforme anual 1977 /. |
| 260 |
_cSanto Domingo : _bBanco de Reservas, _c[1977]. _fLainfo |
||
| 300 |
_a53 p. : _bil., gráf., retrs. ; _c28 cm. |
||
| 049 | _aBNPD | ||
| 999 |
_c31417 _d31417 |
||